Nations by Formula 1 victories - Statistics

General Stats
  • This quiz has been taken 24 times
  • The average score is 19 of 23
Answer Stats
Races won Country % Correct
179 Germany
100%
36 Spain
100%
43 Italy
95%
12 Sweden
95%
325 United Kingdom
95%
33 United States
95%
38 Argentina
91%
57 Finland
91%
81 France
91%
8 Mexico
91%
71 Netherlands
91%
52 Australia
86%
11 Belgium
86%
41 Austria
82%
17 Canada
82%
7 Switzerland
82%
1 Poland
77%
101 Brasil
73%
8 Monaco
68%
12 New Zealand
68%
10 South Africa
64%
7 Colombia
50%
1 Venezuela
50%
No matching quizzes found
Score Distribution
Percent of People with Each Score
Percentile by Number Answered
Your Score History
You have not taken this quiz